000 00522ntaaa2200193 4500
003 01
005 20251027202243.0
008 0714s1973 ag 01
040 _aAR-BaBN
_bspa
_cAR-BaBN
_eaacr
_dRIC
082 _a268.4000 B51
100 _aBingham, Robert E
_920918
245 _aNew ways of teaching the old story
250 _a1 ed.
260 _aNashville :
_bBroadman Press,
_c1970
300 _a125 p
500 _aNuevos métodos de enseñar en la iglesia
650 _aenseñanza-escuela dominical
942 _cBK
999 _c17302
_d17302